000 00290nas a2200121Ia 4500
008 230918c99999999xx |||||||||||| ||und||
040 _aMAIN
041 _aEnglish
245 0 _aGeography
260 _bGeographical Association
_aSheffield S1 4BF
500 _aUnited Kingdom
942 _cBV
999 _c233803
_d233803